| 000 | 01373nam a22003850a 4500 | ||
|---|---|---|---|
| 001 | PT17794 | ||
| 003 | AR-LpoUNG | ||
| 005 | 20260120160707.0 | ||
| 008 | 201001s2004||||ag |||||||||||||||||spa d | ||
| 020 |
_a9879300602 _c$5.55 |
||
| 040 |
_aAR-LpoUNG _bspa _eaacr |
||
| 041 | _aspa | ||
| 044 | _aag | ||
| 082 | 0 | _a410 231lec | |
| 100 | 1 | _aAdelstein, Andreína | |
| 245 | 1 | 0 |
_aLectoescritura : _bpara el Curso de Aprestamiento Universitario |
| 250 | _a1ra. ed. | ||
| 260 |
_aBuenos Aires : _bUniversidad Nacional de General Sarmiento, _c2004. |
||
| 300 |
_a188 p. : _bil. |
||
| 490 | 0 | _aTextos básicos | |
| 520 | _aEste material tiene por objeto orientar un trabajo que garantice el desarrollo, por parte del estudiante, de las habilidades de lectura y escritura mínimas que le faciliten el acceso a la universidad, acceso que esto significa la inserción en un ámbito específico de conocimiento y de lenguaje, que tiene sus propias convenciones discursivas y genéricas. | ||
| 650 | 4 | _aGRAMATICA | |
| 650 | 4 | _aLINGÜISTICA | |
| 650 | 4 | _aSINTAXIS | |
| 700 | 1 | _aInza, Marta | |
| 700 | 1 | _aKornfeld, Laura | |
| 700 | 1 | _aKuguel, Inés | |
| 700 | 1 | _aLópez Casanova, Martina | |
| 700 | 1 | _aMuslip, Eduardo | |
| 700 | 1 | _aPeralta, Dante A. J. | |
| 700 | 1 | _aPereira, Cecilia | |
| 700 | 1 | _aResnik, Gabriela | |
| 905 | _a17794 | ||
| 942 |
_cLIB _2ddc |
||
| 999 |
_c51679 _d51679 |
||